00521 a2200169 4500001000700000020002400007041000800031250001000039300001000049490002500059830002500084856002400109040002500133245009600158260003700254700006000291108222 a9780618603879 (set) apor a. ed. a24 p. aA book & CD favorite aA book & CD favorite u000017/00001797.jpg aBR-BrIDEAcBR-BrIDEA10aCurious George feeds the animalscillustrated in the style of H.A. Rey by Vipah Interactive aNew YorkbHoughton Mifflinc2005 athe style of H.A. Rey by Vipah InteractiveeIllustrated